Tabela wszchczasów Premier League - Statystyki

Ogólne statystyki
  • Ten quiz został rozwiązany 139 razy
  • Średni wynik to 24 z 51
Statystyki odpowiedzi
Miejsce Punkty Odpowiedź % Poprawnych
4. 2022 Liverpool
99%
6. 1759 Manchester City
99%
1. 2324 Manchester United
98%
3. 2076 Chelsea
97%
2. 2159 Arsenal
96%
5. 1872 Tottenham
93%
10. 1261 West Ham
85%
8. 1367 Aston Villa
83%
9. 1363 Everton
78%
28. 319 Brighton
71%
7. 1598 Newcastle United
70%
31. 309 Nottingham Forrest
68%
16. 640 Fulham
66%
13. 821 Leicester City
65%
22. 397 Wolverhampton
65%
11. 1089 Southampton
64%
15. 657 Crystal Palace
61%
14. 820 Leeds United
61%
41. 144 Brentford
54%
29. 319 Burnley
54%
33. 298 Bournemouth
53%
51. 26 Luton Town
53%
18. 538 Sunderland
52%
21. 402 Norwich City
51%
39. 225 Sheffield United
47%
43. 106 Hull City
44%
40. 224 Ipswich Town
43%
32. 308 QPR
43%
12. 879 Blackburn Rovers
39%
37. 251 Birmingham City
38%
30. 312 Swansea City
38%
45. 64 Cardiff City
36%
34. 286 Watford
34%
26. 365 Stoke City
33%
36. 274 Derby County
32%
25. 371 West Bromwich Albion
30%
35. 283 Portsmouth
25%
17. 629 Middlesbrough
24%
38. 250 Wigan Athletic
24%
47. 53 Huddersfield
23%
42. 119 Reading
22%
24. 389 Sheffield Wednesday
22%
20. 406 Coventry City
21%
48. 39 Blackpool
19%
19. 495 Bolton Wanderers
18%
49. 35 Barnsley
11%
27. 361 Charlton Athletic
11%
46. 62 Bradford City
7%
23. 391 Wimbledon FC
6%
50. 30 Swindon Town
5%
44. 89 Oldham Athletic
3%
Nie znaleziono quizów pasujących do podanych kryteriów
Rozkład punktacji
Procent ludzi z każdym wynikiem
Percentyl według liczby udzielonych odpowiedzi
Twoja historia wyników
Nie rozwiązałeś tego quizu